|
|
|
|
| LEADER |
01346nam a2200313 u 4500 |
| 001 |
10118008 |
| 003 |
upatras |
| 005 |
20211125141547.0 |
| 008 |
151020s1998 uk eng |
| 020 |
|
|
|a 0521485797
|
| 040 |
|
|
|a GR-PaULI
|c GR-PaULI
|
| 041 |
0 |
|
|a eng
|
| 082 |
0 |
4 |
|a 190.090 31
|
| 245 |
1 |
0 |
|a Descarte's Meditations background source materials
|c ; edited by Roger Ariew, John Cottingham, and Tom Sorell
|
| 260 |
|
|
|a Cambridge
|b Cambridge University Press
|c 1998
|
| 300 |
|
|
|a xviii, 270 σ.
|c 24 εκ.
|
| 490 |
0 |
|
|a Cambridge philosophical texts in context
|
| 504 |
|
|
|a Περιλαμβάνει βιβλιογραφία και ευρετήριο
|
| 650 |
|
4 |
|a Φιλοσοφία, Γαλλική
|y 17ος αιώνας
|9 8680
|
| 650 |
|
4 |
|a Μεταφυσική
|9 603
|
| 700 |
1 |
|
|a Ariew, Roger
|4 edt
|9 25403
|
| 700 |
1 |
|
|a Cottingham, John,
|d 1943-
|4 edt
|9 35976
|
| 700 |
1 |
|
|a Sorell, Tom
|4 edt
|9 85939
|
| 760 |
0 |
|
|a Cambridge philosophical texts in context
|
| 852 |
|
|
|a GR-PaULI
|b ΠΑΤΡΑ
|b ΦΙΛΟΣΟΦΙΑ
|k ΑΣΧΞ-4
|h DESC 190.090 31 DES
|m 10797
|p 025000184216
|t 1
|
| 942 |
|
|
|2 ddc
|c BK15
|
| 952 |
|
|
|0 0
|1 0
|4 0
|6 DESC_190_090000000000000_31_DES
|7 0
|9 185571
|a PHIL
|b PHIL
|d 2016-04-24
|i 10797
|l 0
|o DESC 190.090 31 DES
|p 025000184216
|r 2016-04-24 00:00:00
|t 1
|w 2016-04-24
|y BK15
|
| 998 |
|
|
|c ΚΑΝΕΛΛΟΠΟΥΛΟΥ
|d 2015-10
|
| 999 |
|
|
|c 114340
|d 114340
|